Vývoj Slovenska 10 rokov po vstupe do EÚ v kontexte programu Európa 2010

Ekonomické výsledky Slovenska za 10 rokov v EÚ. Rast reálneho HDP EÚ a Slovenska. Ukazovatele HDP na obyvateľa členských krajín EÚ, vrátane Slovenska. Sociálny vývoj Slovenska za 10 rokov v EÚ.

Salvato in:
Dettagli Bibliografici
Autore principale: Čihovská, Viera
Natura: Capitolo di libro
Lingua:slovacco
Soggetti:
Tags: Aggiungi Tag
Nessun Tag, puoi essere il primo ad aggiungerne!!

MARC

LEADER 00000naa$a2200000$$$4500
001 0223518
005 20240502073646.1
041 0 |a slo 
044 |a SK 
245 1 0 |a Vývoj Slovenska 10 rokov po vstupe do EÚ v kontexte programu Európa 2010  |c Viera Čihovská 
520 |a Ekonomické výsledky Slovenska za 10 rokov v EÚ. Rast reálneho HDP EÚ a Slovenska. Ukazovatele HDP na obyvateľa členských krajín EÚ, vrátane Slovenska. Sociálny vývoj Slovenska za 10 rokov v EÚ. 
610 2 0 |a Slovensko 
610 2 0 |a výsledok hospodársky 
610 2 0 |a rozvoj hospodársky 
610 2 0 |a ukazovatele 
610 2 0 |a produkt domáci hrubý 
610 2 0 |a dotácie 
610 2 0 |a vývoj sociálny 
610 2 0 |a Európska únia 
100 1 |a Čihovská, Viera